| 000 | 00496nam a2200181Ia 4500 | ||
|---|---|---|---|
| 005 | 20250508150452.0 | ||
| 008 | 008 250505s9999 xx 000 0 eng d | ||
| 037 | _aTextual | ||
| 040 |
_aFEDL _beng _cFEDL |
||
| 041 |
_aeng _2eng |
||
| 084 |
_a824, QUI _qFEDL |
||
| 100 | _aQuiller-Couch Arthur Ed. | ||
| 245 | 0 | _aOxford book of English prose | |
| 260 |
_aLondon, UK _bOxford University Press |
||
| 300 | _axxi,1091p | ||
| 942 |
_cTEXL _h824, QUI |
||
| 999 |
_c1323796 _d1323796 |
||